| 000 -LEADER |
| fixed length control field |
00739nam a22001697a 4500 |
| 005 - DATE AND TIME OF LATEST TRANSACTION |
| control field |
20260306180227.0 |
| 008 - FIXED-LENGTH DATA ELEMENTS--GENERAL INFORMATION |
| fixed length control field |
260306s2007 enk||||| |||| 00| 0 eng d |
| 020 ## - INTERNATIONAL STANDARD BOOK NUMBER |
| International Standard Book Number |
9780801474903x |
| 041 ## - LANGUAGE CODE |
| Language code of text/sound track or separate title |
eng |
| 080 ## - UNIVERSAL DECIMAL CLASSIFICATION NUMBER |
| Universal Decimal Classification number |
351.865 : 355.015:327(520) S-19 |
| 100 ## - MAIN ENTRY--PERSONAL NAME |
| Personal name |
Samuels, Richard J. |
| 9 (RLIN) |
26993 |
| 245 ## - TITLE STATEMENT |
| Title |
Securing Japan: |
| Remainder of title |
Tokyo's Grand Strategy and the Future of East Asia / |
| Statement of responsibility, etc. |
Richard J. Samuels |
| 264 ## - PRODUCTION, PUBLICATION, DISTRIBUTION, MANUFACTURE, AND COPYRIGHT NOTICE |
| Place of production, publication, distribution, manufacture |
London : |
| Name of producer, publisher, distributor, manufacturer |
Cornell University Press, |
| Date of production, publication, distribution, manufacture, or copyright notice |
2007. |
| 300 ## - PHYSICAL DESCRIPTION |
| Extent |
279 p.: |
| Other physical details |
ill.; |
| Dimensions |
24 cm. |
| 653 ## - INDEX TERM--UNCONTROLLED |
| keyword |
იაპონიის უსაფრთხოება: ტოკიოს დიდი სტრატეგია და აღმოსავლეთ აზიის მომავალი |
| 942 ## - ADDED ENTRY ELEMENTS (KOHA) |
| Source of classification or shelving scheme |
|
| Koha item type |
წიგნი |